| 000 | 00422nam a2200157 u 4500 | ||
|---|---|---|---|
| 001 | 000020313 | ||
| 005 | 20200929170348.0 | ||
| 008 | 100813s1992 sp 000 0 spa d | ||
| 020 | _a8432230022 | ||
| 040 |
_aDO-SdBNP _bspa _cBNPHU |
||
| 082 |
_axxxxxxxx _bxxxxxxxx |
||
| 245 | 1 | 0 |
_aEl siglo de las luces / _cAlejo Carpentier. |
| 250 | _a5a ed. | ||
| 260 |
_aBarcelona : _bSeix barral, _c1992. |
||
| 300 |
_a363 p. ; _c19 cm. |
||
| 999 |
_c19817 _d19817 |
||